| 000 | 00397nam a22001457a 4500 | ||
|---|---|---|---|
| 020 | _a81-315-2282-2 | ||
| 082 |
_a515.35 _bZIL |
||
| 100 |
_aZill, Dennis G _91266 |
||
| 245 | _aA first course in differential equations with modeling applications | ||
| 250 | _a10th | ||
| 260 |
_aMelbourne, _bCengage, _c2017. |
||
| 300 | _a384p. | ||
| 526 |
_a0 _b1 _c0 _d515_350000000000000_ZIL |
||
| 942 |
_2ddc _cBK |
||
| 999 |
_c554043 _d554043 |
||